LEADER 01715nam 2200361Ia 450 001 996385169403316 005 20200824132428.0 035 $a(CKB)4940000000076445 035 $a(EEBO)2248584874 035 $a(OCoLC)ocm12307101e 035 $a(OCoLC)12307101 035 $a(EXLCZ)994940000000076445 100 $a19850726d1697 uy | 101 0 $aeng 135 $aurbn||||a|bb| 200 10$aSatan dis-rob'd from his disguise of light, or, The Quakers last shift to cover their monstrous heresies, laid fully open$b[electronic resource] $ein a reply to Thomas Ellwood's answer (published the end of last month) to George Keith's Narrative of the proceedings at Turners-Hall, June 11, 1696, which also may serve for a reply (as to the main points of doctrine) to Geo. Whitehead's Answer to The snake in the grass, to be published the end of next month, if this prevent it not /$fby the author of The snake in the grass 210 $aLondon $cPrinted for C. Brome ..., W. Keblewhite ..., and H. Hindmarsh ...$d1697 215 $a[4], 48, 24 p 300 $aCaption title amd separate paging (24 p.) at end: "Some gleanings, with other further improvements". 300 $aReproduction of original in Huntington Library. 330 $aeebo-0113 606 $aSociety of Friends$vControversial literature 615 0$aSociety of Friends 700 $aLeslie$b Charles$f1650-1722.$0128976 801 0$bEAA 801 1$bEAA 801 2$bm/c 801 2$bUMI 801 2$bWaOLN 906 $aBOOK 912 $a996385169403316 996 $aSatan dis-rob'd from his disguise of light, or, The Quakers last shift to cover their monstrous heresies, laid fully open$92340442 997 $aUNISA